Independence and partition (Record no. 6987)
[ view plain ]
| 000 -LEADER | |
|---|---|
| fixed length control field | 00944 a2200253 4500 |
| 005 - DATE AND TIME OF LATEST TRANSACTION | |
| control field | 20080917140726.0 |
| 008 - FIXED-LENGTH DATA ELEMENTS--GENERAL INFORMATION | |
| fixed length control field | 080917t xxu||||| |||| 00| 0 eng d |
| 010 ## - LCCN (DPL NO) | |
| LC control number | ENG-87805 |
| 020 ## - INTERNATIONAL STANDARD BOOK NUMBER | |
| Terms of availability | 650.00 |
| International Standard Book Number | 817487481X |
| 035 ## - SYSTEM CONTROL NUMBER | |
| System control number | EN-71338 |
| 037 ## - SOURCE OF ACQUISITION | |
| Source of stock number/acquisition | D.B.Act / Pub |
| 082 ## - DEWEY DECIMAL CLASSIFICATION NUMBER | |
| Classification number | 954 |
| 100 ## - MAIN ENTRY--PERSONAL NAME | |
| Personal name | Kapoor, A. N. |
| 245 ## - TITLE STATEMENT | |
| Title | Independence and partition |
| Statement of responsibility, etc | by A. N. Kapoor, V. P. Gupta and Mohini Gupta |
| 260 ## - PUBLICATION, DISTRIBUTION, ETC. (IMPRINT) | |
| Place of publication, distribution, etc | New Delhi |
| Name of publisher, distributor, etc | Radha Publications |
| Date of publication, distribution, etc | 2007 |
| 270 ## - ADDRESS | |
| Address | 4231/1, Ansari Road, Darya Ganj |
| City | New Delhi |
| Postal code | 110 002 |
| Telephone number | 011-23254306, 011-23247003 |
| 300 ## - PHYSICAL DESCRIPTION | |
| Extent | xviii, 293 p. |
| Dimensions | 22 cm. (Hb.) |
| 490 ## - SERIES STATEMENT | |
| Series statement | Cross-Currents of Indian History and Culture-V.8 |
| 500 ## - GENERAL NOTE | |
| General note | include index |
| 700 ## - ADDED ENTRY--PERSONAL NAME | |
| Personal name | Gupta, V. P. |
| 700 ## - ADDED ENTRY--PERSONAL NAME | |
| Personal name | Gupta, Mohini |
| 942 ## - ADDED ENTRY ELEMENTS (KOHA) | |
| Institution code [OBSOLETE] | dpl |
| Item type | English Books |
| Call number prefix | 954 / KAP |
| Source of classification or shelving scheme | Dewey Decimal Classification |
| Classification part | 954 |
| Call number suffix | KAP |
| Withdrawn status | Lost status | Source of classification or shelving scheme | Damaged status | Not for loan | Collection code | Home library | Current library | Date acquired | Cost, normal purchase price | Total Checkouts | Full call number | Barcode | Date last seen | Copy number | Cost, replacement price | Koha item type |
|---|---|---|---|---|---|---|---|---|---|---|---|---|---|---|---|---|
| Dewey Decimal Classification | Not For Loan | Non-fiction | D.B.Act.Division | D.B.Act.Division | 17/09/2008 | 650.00 | 954 KAP | EN-71338 | 15/09/2008 | 1 | 650.00 | English Books |
